Leyes de las comunidades autonomas 1983 (Registro nro. 6819)

Detalles MARC
000 -LEADER
fixed length control field 00799 a2200217 4500
001 - CONTROL NUMBER
control field 59782
005 - DATE AND TIME OF LATEST TRANSACTION
control field 20260407155851.0
008 - FIXED-LENGTH DATA ELEMENTS--GENERAL INFORMATION
fixed length control field 260407a1985 arg spa d
003 - CONTROL NUMBER IDENTIFIER
control field AR-UNSa-BCEJYS
040 ## - CATALOGING SOURCE
Original cataloging agency AR-UNSa-BCEJYS
Language of cataloging spa
Transcribing agency AR-UNSa-BCEJYS
080 ## - UNIVERSAL DECIMAL CLASSIFICATION NUMBER
Universal Decimal Classification number 342.25
Common auxiliary subdivision Centralización y descentralización. Autonomía regional. Transferencia de poderes. Autonomía local (Home rule). Órganos locales del gobierno central
020 ## - INTERNATIONAL STANDARD BOOK NUMBER
International Standard Book Number 978-84-7088-407-8
041 ## - LANGUAGE CODE
Language code of text/sound track or separate title spa
100 1# - MAIN ENTRY--PERSONAL NAME
Personal name Sosa Wagner, Francisco
245 10 - TITLE STATEMENT
Title Leyes de las comunidades autonomas 1983
264 #1 - PRODUCTION, PUBLICATION, DISTRIBUTION, MANUFACTURE, AND COPYRIGHT NOTICE
Place of production, publication, distribution, manufacture Madrid :
Name of producer, publisher, distributor, manufacturer Ministerio de Administración Territorial. Servicio de Publicaciones
Date of production, publication, distribution, manufacture, or copyright notice 1985
300 ## - PHYSICAL DESCRIPTION
Extent 1171 p.
Dimensions 23 cm.
590 ## - LOCAL NOTE (RLIN)
Local note niveau_biblio:m niveau_hierar:0
700 1# - ADDED ENTRY--PERSONAL NAME
Personal name Orduña Rebollo, Enrique
942 ## - ADDED ENTRY ELEMENTS (KOHA)
Koha item type
Existencias
Withdrawn status Lost status Damaged status Not for loan Home library Current library Shelving location Date acquired Total checkouts Full call number Barcode Date last seen Price effective from Koha item type
        Biblioteca Prof. Eusebio Cleto del Rey Biblioteca Prof. Eusebio Cleto del Rey   07/04/2026   RJ342.25 S715/1985 L58512 07/04/2026 07/04/2026 Libro